00407nam a2200157Ia 4500008004100000020001500041041001200056082001600068100001500084245007200099250000800171260002500179300000800204650001500212700002200227221030s9999 xx 000 0 und d a0070486867 aEnglish a105.23bRos aS. A. Ross 0aFundamentals of Corporate Financecby S. A. Ross, R. W. Westerfield a6th bTMHaNew Delhic2004 a776 aManagement aR. W. Westerfield